Yüklüyor......

ഇന്തോനേഷ്യന്‍ വിസ്മയങ്ങള്‍ /

Detaylı Bibliyografya
Yazar: ന്യൂയോര്‍ക്ക്, മധുനായര്‍
Diğer Yazarlar: Newyork, Madhu Nair
Materyal Türü: Printed Book
Dil:English
Baskı/Yayın Bilgisi: തിരുവനന്തപുരം : ഇന്ത്യ ബുക്സ്, 2017.
Edisyon:1st ed.
Konular:
LEADER 01074nam a22002177a 4500
008 180423b xxu||||| |||| 00| 0 eng d
999 |c 22369  |d 22369 
082 |a 915.98  |b NEW 
100 |a ന്യൂയോര്‍ക്ക്, മധുനായര്‍ 
240 |a Indonesian vismayangal 
245 |a ഇന്തോനേഷ്യന്‍ വിസ്മയങ്ങള്‍ /  |c മധുനായര്‍ ന്യൂയോര്‍ക്ക് 
250 |a 1st ed. 
260 |a തിരുവനന്തപുരം :  |b ഇന്ത്യ ബുക്സ്,  |c 2017. 
300 |a 54p. 
650 |a Travelogue 
650 |a Indonesia 
650 |a യാത്രാവിവരണം 
700 |a Newyork, Madhu Nair 
942 |2 ddc  |c BK 
952 |0 0  |1 0  |2 ddc  |4 0  |6 915_980000000000000_NEW  |7 0  |9 30948  |a MAIN  |b MAIN  |d 2018-04-23  |e Prabhath Book House  |g 110.00  |o 915.98 NEW  |p 31505  |r 2018-04-23  |t 1  |w 2018-04-23  |y BK 
952 |0 0  |1 0  |2 ddc  |4 0  |6 915_980000000000000_NEW  |7 0  |9 36109  |a MAIN  |b MAIN  |d 2019-04-26  |e Prabhath Book House  |g 110.00  |o 915.98 NEW  |p 34263  |r 2019-04-26  |t 2  |w 2019-04-26  |y BK